000 00691nam a2200277Ia 4500
005 20260324122025.0
008 008 260324s9999 xx 000 0 eng d
020 _a9780429099564
037 _aEBOOK
040 _aCRL
040 _beng
040 _cCRL
041 _2eng
041 _aeng
084 _qCRL
100 _aKumar S. Ray; Bimal Kumar Ray
_91164815
245 0 _aPolygonal Approximation and Scale-Space Analysis of Closed Digital Curves
260 _bTaylor and Francis
260 _c2013
365 _a
365 _b355
856 _uhttp://www.taylorfrancis.com/books/9780429099564
942 _cEBOOK
999 _c1757258
_d1757258